Guess the FC Barcelona player #11 - Statistics

General Stats
  • This quiz has been taken 20 times
  • The average score is 9 of 16
Answer Stats
Picture Answer % Correct
Neymar
100%
Luís Figo
94%
Dani Olmo
88%
Víctor Valdés
88%
Luuk de Jong
76%
Samuel Umtiti
76%
Nélson Semedo
65%
André Gomes
53%
Cristian Tello
41%
Gheorghe Hagi
41%
Lilian Thuram
41%
Marc Overmars
41%
Martín Montoya
41%
Maxi López
29%
Sylvinho
24%
Edmílson
6%
No matching quizzes found
Score Distribution
Percent of People with Each Score
Percentile by Number Answered
Your Score History
You have not taken this quiz